• 首页
  • 本馆介绍
  • 公告通知
  • 最新文献
  • 馆藏检索
  • 电子资源
  • 读者导购
  • 参考咨询
  • 我的图书馆
  • 登录
  • 详细信息显示
  • 放入我的书架
  • 预约/预借图书
  • 作者相关作品
  • 分类相关作品
  • 丛书相关作品
  • 出版社相关作品

书目信息

  • 表格格式
  • 工作单格式
  • 卡片格式
题名:
中国历史博物馆馆刊
    
 
作者: ;中国历史博物馆馆刊编委会 编
分册: 一九七九年第1期  
出版信息: 北京   文物出版社  1979
页数: 144页
开本: 26cm
丛书名:
单 册:
中图分类: G26
科图分类:
主题词: 博物馆学 , 博物馆事业
电子资源:
ISBN:
000 00670nam0 2200229 45
001 0183012545
005 20051109103128.90
010    @dCNY1.35
091    @a7068.763
100    @a19960315d1979 em y0chiy0121 ea
101 0  @achi
102    @aCN@b110000
105    @ay z 000yy
200 10 @a中国历史博物馆馆刊@Azhong guo li shi bo wu guan guan kan@h一九七九年第1期@f中国历史博物馆馆刊编委会编
210    @a北京@c文物出版社@d1979
215    @a144页@d26cm
606 0  @a博物馆学
606 0  @a博物馆事业
690    @aG26
711 02 @a中国历史博物馆馆刊编委会@Azhong guo li shi bo wu guan guan kan bian wei hui@4编
801  0 @aCN@bNLC@c20051109
905    @dG26@e4:1
    
    中国历史博物馆馆刊.一九七九年第1期/中国历史博物馆馆刊编委会编.-北京:文物出版社,1979
    144页;26cm
    
    
    ISBN :CNY1.35
    
●
相关链接 在E读中查询图书 在五车中查询图书 在当当中查询图书 在豆瓣中查询图书


正题名:中国历史博物馆馆刊     索取号:G26/4:1         预约/预借

序号 登录号 条形码 馆藏地/架位号 状态 备注
1 0018869   202143171   密集书库/ [索取号:G26/4:1] 在馆    
唐山师范学院图书馆 欢迎您!
大连网信软件有限公司© 版权所有